Le chasseur au chien courant (Record no. 152243)

MARC details
000 -LEADER
campo de control de longitud fija 00666nam a2200181 i 4500
001 - NÚMERO DE CONTROL
campo de control 152243
003 - IDENTIFICADOR DE NÚMERO DE CONTROL
campo de control ES-MaACL
005 - FECHA Y HORA DE LA ÚLTIMA TRANSACCIÓN
campo de control 20230906204610.0
008 - DATOS DE LONGITUD FIJA--INFORMACIÓN GENERAL
campo de control de longitud fija 051013s1838 fr | |||||||| ||fre d
040 ## - FUENTE DE CATALOGACIÓN
Centro catalogador/agencia de origen CAM
Lengua de catalogación spa
Centro/agencia transcriptor CAM
100 1# - ENTRADA PRINCIPAL--NOMBRE DE PERSONA
Nombre de persona Blaze, Elzéar.
9 (RLIN) 29435
245 13 - MENCIÓN DEL TÍTULO
Título Le chasseur au chien courant
Resto del título : contenant les habitudes, les ruses des bêtes, l'art les quêter ... /
Mención de responsabilidad, etc. par Elzéar Blaze.
260 ## - PUBLICACIÓN, DISTRIBUCIÓN, ETC.
Lugar de publicación, distribución, etc. Paris :
Nombre del editor, distribuidor, etc. l'auteur-éditeur,
Fecha de publicación, distribución, etc. 1838 (
Fabricante Imprimerie de LB. Thomassin et compagnie)
300 ## - DESCRIPCIÓN FÍSICA
Extensión 2 v. (440; 448 p.) ;
Dimensiones 21 cm.
650 #4 - PUNTO DE ACCESO ADICIONAL DE MATERIA--TÉRMINO DE MATERIA
Término de materia o nombre geográfico como elemento de entrada Perros de caza.
9 (RLIN) 144501
650 #4 - PUNTO DE ACCESO ADICIONAL DE MATERIA--TÉRMINO DE MATERIA
Término de materia o nombre geográfico como elemento de entrada Caza con perros.
9 (RLIN) 160319
852 ## - LOCALIZACIÓN
Ubicación ES-MaACL
Número de control de estantería G-8097-98
Nota libre -- Enc. hol.
Holdings
Estatus retirado Estado de pérdida Estado de daño No para préstamo Colección Biblioteca de origen Biblioteca actual Ubicación en estantería Fecha de adquisición Total de préstamos Signatura topográfica completa Código de barras Visto por última vez Precio de reemplazo Tipo de ítem Koha
        Libros del s. XIX Biblioteca del Ateneo de Madrid Biblioteca del Ateneo de Madrid Sala Pecera Planta 3 17/01/2008   G-8097-98 1158946 23/02/2023 23/02/2023 Libro impreso antiguo